000 00732nam a2200229Ia 4500
003 OSt
005 20220923220314.0
006 a|||||r|||| 00| 0
007 ta
008 220922b |||||||| |||| 00| 0 hin d
024 _a185,852
037 _cTextual
040 _aARTS
_cARTS
_bhin
041 _2hin
_ahin
082 _aY1, 152L3-;1
100 _aडे्विस, किंग्सले
_9156292
245 0 _aमानव समाज, अनु गोपाल कृष्ण अग्रवाल
246 _aMānav samāja, anu0 gopāl kṛuṣhṇa agravāla
260 _c1973
942 _hY1, 152L3-;1
_cTEXL
_2CC
999 _c339098
_d339098